Využití biologické regulace škůdců ve sbírkových sklenících botanických zahrad

Bibliographic Details
Main Author: Malsa, Jan (Author)
Format: Article
Language:Czech
Subjects:

MARC

LEADER 00000nab a2200000 a 4500
001 vtls000296222
003 SK-MaSNL
005 20260304035012.0
008 160201c1987 xo 0 cze
015 |a SNBRB19rr/mm-uuuuu 
035 |a CL0306341 
040 |a SNKBUCL  |b slo  |c SNKBUCL  |e AACR2 
041 0 |a cze 
044 |a xo  |c SK 
080 |a 632.937:631.544.4:582  |2 1981 
080 |a 631.544.4  |2 1981 
080 |a 582  |2 1981 
080 |a 630 27  |2 1981 
080 |a 635.9  |2 1981 
100 1 |a Malsa, Jan  |4 aut  |9 1318458 
245 1 0 |a Využití biologické regulace škůdců ve sbírkových sklenících botanických zahrad  |c Jan Malsa 
650 0 7 |a botanické záhrady  |2 snkbucl  |9 69138 
650 0 7 |a biologická ochrana rastlín  |2 snkbucl  |9 224755 
655 7 |a články z novín a časopisov  |2 snkbucl  |9 267496 
773 0 |t Záhradníctvo  |g Roč. 12, č. 11 (1987), s. 519-520 
850 |a Slovenská národná knižnica v Martine  |a MTA001 
852 |a SNK  |b KIS3GCP 
958 |a RK 
958 |a CZ 
992 |a RBX 
999 |c 2655837  |d 2657767